Sjednocení měny v Evropě

Guardado en:
Detalles Bibliográficos
Autor principal: Raymond, Robert
Otros Autores: Keliš, Jaroslav
Formato: Libro
Lenguaje:checo
Publicado: Praha HZ 1995
Edición:1. vyd.
Colección:Editio Q
Materias:
Etiquetas: Agregar Etiqueta
Sin Etiquetas, Sea el primero en etiquetar este registro!

MARC

LEADER 00000nam a2200000 4500
001 c013285
005 20230223123902.7
020 |a 80-901918-2-7 
041 0 |a cze 
044 |a CZ 
245 1 0 |a Sjednocení měny v Evropě  |c Robert Raymond ; [Z franc. prel.] Jaroslav Keliš 
250 |a 1. vyd. 
264 1 |a Praha  |b HZ  |c 1995 
300 |a 143 s. 
490 1 |a Editio Q 
830 0 |a Editio Q 
610 2 0 |a mena 
610 2 0 |a Európa 
610 2 0 |a Európske spoločenstvá 
610 2 0 |a dohody 
610 2 0 |a únie menové 
610 2 0 |a banky 
610 2 0 |a burzy 
610 2 0 |a Európsky menový systém 
610 2 0 |a integrácia ekonomická medzinárodná 
100 1 |a Raymond, Robert 
700 1 |a Keliš, Jaroslav